Ancient glass in its context /

Bibliographic Details
Main Author: Engle, Anita
Format: Book
Language:English
Published: Jerusalem : Phoenix Publications, [1978]
Series:Readings in glass history ; no. 10.
Subjects:

MARC

Tag First Indicator Second Indicator Subfields
LEADER 00000cam a2200000 i 4500
001 in00000982621
005 20150927110952.0
008 800515s1978 is a b 00010 eng d
035 |a (OCoLC)06319552 
035 |9 AEW0016AM 
040 |a COO  |c COO  |d m/c  |d TXA  |d UtOrBLW 
090 |a TP850  |b .E58 1978 
100 1 |a Engle, Anita. 
245 1 0 |a Ancient glass in its context /  |c Anita Engle. 
264 1 |a Jerusalem :  |b Phoenix Publications,  |c [1978] 
264 4 |c ©1978 
300 |a 95 pages :  |b illustrations ;  |c 24 cm. 
336 |a text  |b txt  |2 rdacontent 
337 |a unmediated  |b n  |2 rdamedia 
338 |a volume  |b nc  |2 rdacarrier 
490 1 |a Readings in glass history ;  |v no. 10 
500 |a "An illustrated companion to Readings in glass history nos. 1-8." 
504 |a Bibliography: pages 94-95. 
650 0 |a Glass  |x History. 
650 0 |a Glassware, Ancient. 
730 0 |a Readings in glass history. 
830 0 |a Readings in glass history ;  |v no. 10. 
999 |a MARS 
999 f f |s 3bd20a54-658d-38d8-8f73-8b4668a715e2  |i 94f336e6-f357-3e85-9fe7-252823356a76  |t 0 
952 f f |p normal  |a Texas A&M University  |b College Station  |c Sterling C. Evans Library  |d Evans: Library Stacks  |t 0  |e TP850 .E58 1978  |h Library of Congress classification  |i unmediated -- volume  |m A14813407501 
998 f f |a TP850 .E58 1978  |t 0  |l Evans: Library Stacks